Real evangelism: (Record no. 10700)

000 -LEADER
fixed length control field 00735nam a2200217 a 4500
001 - CONTROL NUMBER
control field :::00008491$&:&@@
003 - CONTROL NUMBER IDENTIFIER
control field OkBaRHE
005 - DATE AND TIME OF LATEST TRANSACTION
control field 20000607103344.0
008 - FIXED-LENGTH DATA ELEMENTS--GENERAL INFORMATION
fixed length control field s1978 j 000 0 eng u
020 ## - INTERNATIONAL STANDARD BOOK NUMBER
International Standard Book Number 0805462201
040 ## - CATALOGING SOURCE
Transcribing agency
100 1# - MAIN ENTRY--PERSONAL NAME
Personal name Smith, Bailey E.
245 10 - TITLE STATEMENT
Title Real evangelism:
Remainder of title exposing the subtle substitutes for that evangelism.
260 ## - PUBLICATION, DISTRIBUTION, ETC. (IMPRINT)
Place of publication, distribution, etc Nashville, TN., :
Name of publisher, distributor, etc Broadman Press
Date of publication, distribution, etc c1978
300 ## - PHYSICAL DESCRIPTION
Extent 168 p. ;
Dimensions 21 cm.
650 ## - SUBJECT ADDED ENTRY--TOPICAL TERM
Topical term or geographic name as entry element Evangelism
650 ## - SUBJECT ADDED ENTRY--TOPICAL TERM
Topical term or geographic name as entry element Evangelistic Work
942 ## - ADDED ENTRY ELEMENTS (KOHA)
Source of classification or shelving scheme
Koha item type Books
Copies
Shelving location Copy number Date acquired Barcode Withdrawn status Permanent Location Not for loan Full call number Damaged status Koha item type Lost status Source of classification or shelving scheme Price effective from Date last seen
General Stacks12010-04-148491 RHEMA Bible Training College BV 3790 .S63 Books  2010-04-142010-04-14
General Stacks22010-04-1415379 RHEMA Bible Training College BV 3790 .S63 Books  2010-04-142010-04-14